Internationales Finanzmanagement
Na minha lista:
| Autor principal: | |
|---|---|
| Formato: | Livro |
| Idioma: | alemão |
| Publicado em: |
Frankfurt am Main
Knapp
1993
|
| Edição: | 2. überarb. Aufl. |
| Assuntos: | |
| Tags: |
Sem tags, seja o primeiro a adicionar uma tag!
|
MARC
| LEADER | 00000nam a2200000 4500 | ||
|---|---|---|---|
| 001 | c011408 | ||
| 005 | 20221206074607.9 | ||
| 020 | |a 3-7819-0538-1 | ||
| 041 | 0 | |a ger | |
| 044 | |a DE | ||
| 245 | 1 | 0 | |a Internationales Finanzmanagement |c Hans E. Büschgen |
| 250 | |a 2. überarb. Aufl. | ||
| 264 | 1 | |a Frankfurt am Main |b Knapp |c 1993 | |
| 300 | |a 416 s. | ||
| 610 | 2 | 0 | |a manažment finančný |
| 610 | 2 | 0 | |a manažment medzinárodný |
| 610 | 2 | 0 | |a obchod medzinárodný |
| 610 | 2 | 0 | |a platby obchodné |
| 610 | 2 | 0 | |a financovanie obchodu zahraničného |
| 610 | 2 | 0 | |a trh finančný |
| 610 | 2 | 0 | |a riziko |
| 100 | 1 | |a Büschgen, Hans E. | |